Titles of Rulers - Statistics

General Stats
  • This quiz has been taken 47 times
  • The average score is 16 of 18
Answer Stats
Hint Answer % Correct
Khanate Khan
98%
Kingdom King
98%
Tsardom Tsar
98%
Chiefdoms Chief
95%
Duchy Duke
95%
Imamate Imam
95%
Shogunate Shogun
95%
Sultanate Sultan
95%
Caliphate Caliph
93%
Despotate Despot
93%
Empire Emperor
93%
Emirate Emir
91%
Sharifate Sharif
91%
Principalitty Prince
89%
Regency Regent
89%
Electorate Elect
84%
Khaganate Khagan
84%
Margraviate Margrave
66%
No matching quizzes found
Score Distribution
Percent of People with Each Score
Percentile by Number Answered
Your Score History
You have not taken this quiz